Word 2002 : A professional approach
Gespeichert in:
| 1. Verfasser: | |
|---|---|
| Format: | Buch |
| Sprache: | Undetermined |
| Veröffentlicht: |
New York
McGraw-Hill
2002
|
| Schlagworte: | |
| Tags: |
Tag hinzufügen
Keine Tags, Fügen Sie den ersten Tag hinzu!
|
| Thư viện lưu trữ: | Trung tâm Học liệu Trường Đại học Cần Thơ |
|---|
| LEADER | 00619nam a2200205Ia 4500 | ||
|---|---|---|---|
| 001 | CTU_213228 | ||
| 008 | 210402s9999 xx 000 0 und d | ||
| 082 | |a 005.437 | ||
| 082 | |b H663 | ||
| 100 | |a Hinkle, Deborah | ||
| 245 | 0 | |a Word 2002 : | |
| 245 | 2 | |b A professional approach | |
| 245 | 0 | |c Deborah Hinkle | |
| 260 | |a New York | ||
| 260 | |b McGraw-Hill | ||
| 260 | |c 2002 | ||
| 650 | |a Microsoft word,Word processing,Word ( computer programs ) | ||
| 904 | |i Tuyến,Qhieu | ||
| 910 | |a Sách kèm theo đĩa CD có số: AV.005488, AV.005487 | ||
| 980 | |a Trung tâm Học liệu Trường Đại học Cần Thơ | ||